| 000 | 00664nam a2200193 i 4500 | ||
|---|---|---|---|
| 001 | 173321 | ||
| 003 | ES-MaACL | ||
| 005 | 20230906215218.0 | ||
| 008 | 091125s1966 pr |||| | spa d | ||
| 100 | 1 |
_aTorres de Romero, Conchita. _9141621 |
|
| 245 | 1 | 3 |
_aEl desempleo en Puerto Rico y sus principales cambios estructurales _b: 1950 a 1964 / _cConchita Torres de Romero. |
| 250 | _a1ª ed. | ||
| 260 |
_aRío Piedras : _bUniversidad de Puerto Rico, _c1966. |
||
| 300 |
_a132 p. ; _c22 cm. |
||
| 504 | _aBibliografía: p. 123-128. | ||
| 650 | 4 |
_aParo- _zPuerto Rico. _9163459 |
|
| 651 | 4 |
_aPuerto Rico- _xSituación social. _99292 |
|
| 852 |
_aES-MaACL _jC-57021 |
||
| 999 |
_c173321 _d173321 |
||